000 00720nam a22002177a 4500
003 OSt
005 20251010052710.0
008 251010b |||||||| |||| 00| 0 eng d
020 _a978-0-521-60398-0.
040 _aDWCL-Admin lib
_cOC
082 _aCirc. 495.115 L735s 2007
100 _aLin, Yen-Hwei
245 _aThe sounds of Chinese/
_cYen-Hwei Lin
260 _aCambridge :
_bCambridge University Pres,
_cc2007
300 _axiv, 316 p. : ill. ;
_c25 cm.
504 _aIncludes bibliographical references & index.
650 _a1. Chinee language-Phonology
650 _a2. Chinese language-Phonetics
650 _a3. Chinese language-Textbook for foreign speakers-English
942 _2ddc
_cBK-CIRC
_kCirc.
_n0
999 _c4826
_d4826